| 000 | 01377cam a22002054a 4500 | ||
|---|---|---|---|
| 005 | 20250605163455.0 | ||
| 008 | 250528s ||||||||||||||||||||||||d | ||
| 035 | _a20067 | ||
| 020 | _a9608895707 | ||
| 040 |
_aGR-AtMCL _bgre _dGR-AtMCL _eAACR2 |
||
| 245 | 1 | _aChange Management Ο Κόσμος Αλλάζει! Εμείς; / Προώθηση των αλλαγών στον κόσμο των επιχειρήσεων | |
| 250 | _a1η | ||
| 260 |
_bΑρεταίος, _c2005 |
||
| 300 | _a150 | ||
| 520 | _aΣτο παρόν βιβλίο ο συγγραφέας μας ταξιδεύει στον γοητευτικό κόσμο των αλλαγών και των μεταρρυθμίσεων. Πρόλογος, Εισαγωγή, Η Δρομολόγηση των Αλλαγών, Η Σωστή Οργάνωση και Διοίκηση των Επιχειρήσεων Καταλύτης των Αλλαγών, Το Όραμα και ο Μετασχηματισμός των Επιχειρήσεων, Τρόποι Δράσης για έναν Επιτυχημένο Μετασχηματισμό, Πώς θα Συμβάλλουμε στην Επιτυχία των Μεταρρυθμίσεων, Συμπεράσματα, Προτείνομενη Βιβλιογραφία. | ||
| 700 | 1 | _aΜανίκας Βασίλης Δ | |
| 942 | _cBK | ||
| 999 |
_c5215 _d5215 |
||